00722nam a2200241 a 4500001001300000003000900013005001700022008004100039020002300080082001800103100001700121245002700138260003600165300000900201500003500210505002400245650003100269700001700300902000800317942000700325952013100332999001700463nice12345678IN_TiNIC20260116013325.0050524s1997 dela grp 000 0 eng  a8185268 c60000a294.5922bMAH aMahajan, A C aPolity in the Ramayana aDelhibPratibha Prakashanc1997 a411p aincludes index and biblioraphy2 aBibliography, Index aRamayana-Political Aspects1 aMahajan, A C bSRS cBK 001040708StackRoom-aHMIbHMId2007-07-27g600.00l4o294.5922 MAHp017577r2019-08-26s2019-08-13v600.00w2005-05-24yBK c10557d10557